1561 1497 1516 1677 1229 1235 1971 1769 1058 1617 1157 1984 1944 1704 1130 1850 1781 1168 1933 1348 1717 1392 1122 1096 1069 1269 1849 1241 1959 1491 1288 1781 1688 1365 1794 1782 1296 1198 1334 1600 1008 1630 1122 1649 1817 1170 1480 1172 1900 1788 1251 1203 1743 1967 1696 1481 1436 1562 1983 1639 1350 1903 1760 1998 1613 1352 1354 1411 1957 1173 1945 1356 1765 1938 1128 1546 1385 1309 1524 1804 1092 1000 1711 1543 1790 1319 1371 1114 1594 1884 1629 1201 1878 1159 1817 1538 1119 1354 1951 BCNSPRNW ULIB Ver.6.0+V

เปลี่ยนเป็นภาษาไทย

Change to English
 แสดงรายละเอียดบรรณานุกรม
  กลับหน้าหลัก

Brief Record : Get Marc (ISO 2709) : E-mail record : QR code < ปิดหน้าต่าง
LEADER : 00000nam 2200000uu 4500
001    13399127581
003     ULIB
008    210219s2563||||th 000 0 tha d
020 ^   ^a9786164220546
060 ^   ^aWH21^bต367
245 0   ^aตำราโลหิตวิทยาและพยาธิวิทยาคลินิก =^bTextbook of hematology and clinical pathology /^cปิยะ รุจกิจยานนท์, บรรณาธิการ.
246 3   ^aTextbook of hematology and clinical pathology
250 ^   ^aพิมพ์ครั้งที่ 1.
260 ^   ^aกรุงเทพฯ :^bโครงการตำรา วิทยาลัยแพทยศาสตร์พระมงกุฎเกล้า,^c2563.
300 ^   ^a553 หน้า :^bภาพประกอบ
650 ^   ^aโลหิตวิทยา.
650 ^   ^aพยาธิวิทยาคลินิก.
650 ^   ^aเลือด, โรค^xการวินิจฉัย.
655 ^   ^aHealth Sciences Branch.
700 0   ^aปิยะ รุจกิจยานนท์,^eบรรณาธิการ.
710 2   ^aวิทยาลัยแพทยศาสตร์พระมงกุฎเกล้า.^bโครงการตำรา.
945    ^p800^l0^i007608
945    ^p800^l0^i007609
945    ^p800^l0^i007610
945    ^p800^l0^i008258
945    ^p800^l0^i008259
999    ^aประนอม เกษจรัล
รายการนี้ยังไม่มีแท็ก
คุณยังไม่ได้ล็อกอิน คุณสามารถมีกิจกรรมร่วมกับเว็บไซต์ได้ แต่ต้องล็อกอินก่อน ::
  ล็อกอิน

รายการสื่อสารสนเทศ

ลำดับที่ ประเภท เลขเรียก/บาร์โค้ด สถานที่ สถานะ
1. วิทยาศาสตร์การแพทย์ และสุขภาพ
หนังสือสำรอง
สถานะ=หนังสือสำรอง
WH21 ต367 ฉ.1 
  Barcode: 007608
ห้องสมุดวิทยาเขตสวรรค์ประชารักษ์
►หนังสือทั่วไป
บนชั้น
2. วิทยาศาสตร์การแพทย์ และสุขภาพ
วิทยาศาสตร์การแพทย์ และสุขภาพ
WH21 ต367 ฉ.2 
  Barcode: 007609
ห้องสมุดวิทยาเขตสวรรค์ประชารักษ์
►หนังสือทั่วไป
บนชั้น
3. วิทยาศาสตร์การแพทย์ และสุขภาพ
วิทยาศาสตร์การแพทย์ และสุขภาพ
WH21 ต367 ฉ.3 
  Barcode: 007610
ห้องสมุดวิทยาเขตสวรรค์ประชารักษ์
►หนังสือทั่วไป
บนชั้น
4. วิทยาศาสตร์การแพทย์ และสุขภาพ
วิทยาศาสตร์การแพทย์ และสุขภาพ
WH21 ต367 ฉ.4 
  Barcode: 008258
ห้องสมุดวิทยาเขตสวรรค์ประชารักษ์
►หนังสือทั่วไป
บนชั้น
5. วิทยาศาสตร์การแพทย์ และสุขภาพ
วิทยาศาสตร์การแพทย์ และสุขภาพ
WH21 ต367 ฉ.5 
  Barcode: 008259
ห้องสมุดวิทยาเขตสวรรค์ประชารักษ์
►หนังสือทั่วไป
บนชั้น

รายการใกล้เคียง
    หัวเรื่อง [โลหิตวิทยา.]
    หัวเรื่อง [พยาธิวิทยาคลินิก.]

BibComment


ยังไม่เคยถูกคอมเมนท์

คอมเมนท์ทรัพยากรรายการนี้
  คอมเมนท์: ตำราโลหิตวิทยาแ..


 Copyright 2026. Bcnsprnw @Library